El último grumete de la Baquedano /

El escritor chileno Francisco Coloane (1910-2002) es considerado un excelente narrador que, con un estilo sencillo, es capaz de reflejar la depredación de la naturaleza que el hombre está consumando. Algunos de sus títulos son: Cabo de Hornos (1941), El último grumete de la Baquedano (1941), Golfo d...

Popoln opis

Shranjeno v:
Bibliografske podrobnosti
Glavni avtor: Coloane, Francisco A. (autor)
Drugi avtorji: Jullian, Andrés (ilustración) (ilustración)
Format: Knjiga
Jezik:španščina
Izdano: Santiago, Chile : Zig-Zag, 2005, c1977
Izdaja:56a edición
Serija:(Viento Joven)
Teme:
Oznake: Označite
Brez oznak, prvi označite!

MARC

LEADER 00000nam^a2200000^a^4500
001 000184878
005 20250521000000.0
009 20260310102130.451
020 |a 956-12-0935-7 
037 |a Acervo ITESO - Biblioteca 
041 |a ESP 
082 |a 863.  |b COL 
100 |a Coloane, Francisco A.  |e (autor) 
245 1 3 |a El último grumete de la Baquedano /  |c F.A. Coloane ; il. de A. Jullian. 
250 |a 56a edición 
264 4 |a Santiago, Chile :  |b Zig-Zag,  |c 2005, c1977 
300 |a 108 p. 
336 |a texto  |b txt  |2 rdacontenido 
337 |a sin mediación  |b n  |2 rdamedio 
338 |a volumen  |b nc  |2 rdasoporte 
440 1 |a (Viento Joven) 
520 |a El escritor chileno Francisco Coloane (1910-2002) es considerado un excelente narrador que, con un estilo sencillo, es capaz de reflejar la depredación de la naturaleza que el hombre está consumando. Algunos de sus títulos son: Cabo de Hornos (1941), El último grumete de la Baquedano (1941), Golfo de Penas (1945), Los conquistadores de la Antártica (1946), Tierra de Fuego (1956), Viaje al Este (1959), El témpano de Kanasaka (1968) y Crónica de India (1983), entre otros. Obtuvo el Premio Nacional de Literatura en 1964 y fue nombrado miembro de las Academia Chilena de la Lengua en 1980. 
649 |a XX 
650 |a Novela Chilena 
650 |a Novela de Aventuras 
650 |a Literatura Chilena -  |y Siglo XX 
650 |a Viajes Marítimos 
650 |a Viajes y Travesías 
650 |a Polo Sur -  |x Descripción 
650 |a Polo Sur en la Literatura 
700 |a Jullian, Andrés  |e (ilustración) 
910 |a Fondo General 
920 |a Impresos - Libros 
930 |a Colección General 
940 |a Literatura 
905 |a 101 
901 |a 0500126048  |b IT1  |c LIT  |u 20250521 
901 |a 0500126063  |b IT1  |c LIT  |u 20250521 
902 |a https://opac.biblio.iteso.mx/vufind/Record/000184878